00974 a2200181 45000010006000000050017000060080041000230030015000640400040000790800032001192450045001510200018001962640036002143000026002505050472002760410008007481000036007565943320260407155848.0260407a1995 arg spa dAR-UNSa-BCEJYS aAR-UNSa-BCEJYSbspacAR-UNSa-BCEJYS a330(82)xEconomia Argentina10aEl nuevo look de la economía argentina a950-43-6425-X 1aBuenos Aires :bCrespilloc1995 axviii, 220 p.c22 cm. a1. Argentina: ¿De golpe primer mundo? - 2. Los “saltos” del producto bruto interno – 3. La economía informal y las nuevas cifras del producto bruto – 4. La historia actual de los productos sectoriales – 5. Los cambios de cifras y la estructura sectorial – 6. ¿Qué paso con la oferta y la demanda agregada? – 7. Nuestros nuevos rasgos y perfil internacional – 8. Comparando kimonos con yerba mate – 9. Reflexiones sobre el pasado y sus visiones aspa1 aDagnino Pastore, José María